000 00711cam a22002175a 4500
001 L159318
008 160809s2016 xxk f 000 0 eng d
020 _a9780857840479
035 _a(Sirsi) u159318
041 0 _aeng
100 1 _aGrober, Ulrich
245 0 0 _aSustainability
_h[electronic resource]
260 _aCambridge
_bUIT Cambridge
_c2012
300 _aeBook
520 _aTraces the development of the term sustabilility with worked examples of its usage in the historical context.
650 2 4 _aEBOOK
651 4 _aUnited Kingdom
_y
690 _aSustainability
_96271
856 4 0 _uhttps://www.vlebooks.com/
_zView on VLEbooks. Logins for members only from [email protected]
942 _n0
999 _c115801
_d115801